000 00452nam a2200169Ia 4500
008 090711s9999 xx 000 0 und d
082 _b77296
100 _aपाध्ये भाऊ
245 _aवासूनाका
260 _c1972
300 _a196
600 _aपाध्ये भाऊ
630 _aवासूनाका
700 _aपाध्ये भाऊ
730 _aवासूनाका
942 _cBOOK
999 _c313333
_d313333